U.S. Presidents Political Parties - Statistics

General Stats
  • This quiz has been taken 77 times
    73 since last reset
  • The average score is 31 of 45
Answer Stats
Hint Answer % Correct
Gerald R. Ford Republican
88%
George W. Bush Republican
88%
Harry S. Truman Democratic
85%
Barack Obama Democratic
85%
Joe Biden Democratic
85%
George H.W. Bush Republican
85%
Donald Trump Republican
85%
Woodrow Wilson Democratic
82%
Bill Clinton Democratic
82%
Ronald Reagan Republican
82%
Franklin D. Roosevelt Democratic
79%
Jimmy Carter Democratic
79%
Abraham Lincoln Republican
79%
Dwight D. Eisenhower Republican
76%
Richard Nixon Republican
76%
John F. Kennedy Democratic
73%
James A. Garfield Republican
73%
Chester A. Arthur Republican
73%
Lyndon B. Johnson Democratic
70%
Thomas Jefferson Democratic-Republican
70%
John Adams Federalist
70%
William McKinley Republican
70%
Herbert Hoover Republican
70%
Andrew Jackson Democratic
67%
James Madison Democratic-Republican
67%
Ulysses S. Grant Republican
67%
Rutherford B. Hayes Republican
67%
Benjamin Harrison Republican
67%
Theodore Roosevelt Republican
67%
James Buchanan Democratic
64%
James Monroe Democratic-Republican
64%
George Washington Independent
64%
William Howard Taft Republican
64%
Calvin Coolidge Republican
64%
Grover Cleveland Democratic
61%
Warren G. Harding Republican
61%
John Tyler Whig
58%
Zachary Taylor Whig
58%
Andrew Johnson Democratic
55%
Millard Fillmore Whig
55%
Franklin Pierce Democratic
52%
James K. Polk Democratic
48%
John Quincy Adams Democratic-Republican
48%
William Henry Harrison Whig
48%
Martin Van Buren Democratic
45%
No matching quizzes found
Score Distribution
Percent of People with Each Score
Percentile by Number Answered
Your Score History
You have not taken this quiz since the last reset